Countries in a Customs Union - Statistics

General Stats
  • This quiz has been taken 49 times
  • The average score is 98 of 118
Answer Stats
Answer % Correct
South Africa
100%
Belgium
94%
France
94%
Germany
94%
Ireland
94%
Lesotho
94%
Panama
94%
Spain
94%
Andorra
91%
Austria
91%
Botswana
91%
Bulgaria
91%
Costa Rica
91%
Democratic Republic of the Congo
91%
Denmark
91%
Dominican Republic
91%
Estonia
91%
Ethiopia
91%
Finland
91%
Honduras
91%
Jamaica
91%
Kenya
91%
Latvia
91%
Lithuania
91%
Luxembourg
91%
Netherlands
91%
Niger
91%
Portugal
91%
Sweden
91%
Tanzania
91%
Barbados
88%
Bolivia
88%
Brazil
88%
Cameroon
88%
Chad
88%
Colombia
88%
Croatia
88%
Czechia
88%
El Salvador
88%
Greece
88%
Hungary
88%
Italy
88%
Malawi
88%
Namibia
88%
Nicaragua
88%
Poland
88%
Republic of the Congo
88%
Russia
88%
Saint Lucia
88%
Slovakia
88%
Uganda
88%
Zambia
88%
Zimbabwe
88%
Angola
85%
Argentina
85%
Bahamas
85%
Belarus
85%
Central African Republic
85%
Cyprus
85%
Djibouti
85%
Dominica
85%
Ecuador
85%
Eritrea
85%
Grenada
85%
Guatemala
85%
Haiti
85%
Kazakhstan
85%
Liechtenstein
85%
Peru
85%
Romania
85%
Rwanda
85%
Saint Kitts and Nevis
85%
Slovenia
85%
Somalia
85%
South Sudan
85%
Sudan
85%
Switzerland
85%
Trinidad and Tobago
85%
Bahrain
82%
Belize
82%
Burundi
82%
Equatorial Guinea
82%
Eswatini
82%
Gabon
82%
Mali
82%
Malta
82%
Oman
82%
Paraguay
82%
Qatar
82%
San Marino
82%
Saudi Arabia
82%
Uruguay
82%
Armenia
79%
Egypt
79%
Guinea-Bissau
79%
Ivory Coast
79%
United Arab Emirates
79%
Burkina Faso
76%
Guyana
76%
Kuwait
76%
Senegal
76%
Suriname
76%
Togo
76%
Antigua and Barbuda
73%
Benin
73%
Kyrgyzstan
73%
Comoros
70%
Libya
70%
Madagascar
67%
Mauritius
67%
Seychelles
67%
Turkey
64%
Monaco
61%
São Tomé and Príncipe
61%
Tunisia
61%
Israel
45%
Palestine
24%
Saint Vincent and Grenadines
6%
No matching quizzes found
Score Distribution
Percent of People with Each Score
Percentile by Number Answered
Your Score History
You have not taken this quiz